000 00386nam a2200157Ia 4500
008 221030s9999 xx 000 0 und d
020 _a812191731X
041 _aEnglish
082 _a105.23
_bRaj
100 _aR. K. Rajput
245 2 _aA Text Book of Hydraulics
_cby R. K. Rajput
260 _bS. Chand & Co
_aNew Delhi
_c1998
300 _a528
650 _aMechanical
942 _cBK
999 _c3013
_d3013